Ends in -ENTIAL Quiz Stats

 Plays Quiz Updated Jun 6, 2016

Score 0/20 Timer 05:00
0 Plays Today
% Correct
Residential
91.1%
Rodential
91%
Torrential
87%
Jurisprudential
86.9%
Essential
86.5%
Sequential
84.4%
Affluential
83.7%
Consequential
82.7%
Preferential
81.3%
Influential
79.4%
% Correct
Quintessential
75.9%
Penitential
75.6%
Circumferential
75.4%
Pluripotential
74.5%
Experiential
71.7%
Referential
70.8%
Differential
70.3%
Credential
69.4%
Tangential
68%
Deferential
67.8%

You're not logged in!

Compare scores with friends on all Sporcle quizzes.
OR
Log In

Sporcle TV

Today on Sporcle TV


Watch our educational content, quiz creation guides, and fun videos on Sporcle TV.

Show Comments

Extras

Top Quizzes Today


Score Distribution

Your Account Isn't Verified!

In order to create a playlist on Sporcle, you need to verify the email address you used during registration. Go to your Sporcle Settings to finish the process.

Report this User

Report this user for behavior that violates our Community Guidelines.

Details: